الإفهام في شرح باب وقف حمزة وهشام / (رقم التسجيلة. 136130)
[ عرض عادي ]
| 000 -الفاتح | |
|---|---|
| عناصر البيانات ثابتة الطول | 01037cam a2200217 i 4500 |
| 005 - تاريخ ووقت آخر معاملة | |
| حقل ضبط | 20251123123347.0 |
| 008 - عناصر البيانات ثابتة الطول | |
| عناصر البيانات ثابتة الطول | 250721s2017 jo gr 000 0 ara d |
| 082 14 - رقم تصنيف ديوي العشري | |
| رقم التصنيف | 211.3 |
| رقم المادة | ن ج ا |
| 100 1# - مدخل رئيسي – اسم شخصي | |
| الاسم الشخصي | ابن النجار، شمس الدين محمد بن شهاب الدين |
| علاقة الشخص بالعمل/ دوره | مصنف. |
| 245 12 - بيان العنوان | |
| العنوان | الإفهام في شرح باب وقف حمزة وهشام / |
| بيان المسؤولية | تصنيف الشيخ الإمام شمس الدين محمد بن شهاب الدين الشهير بابن النجار ؛ تحقيق الدكتور محمد بن أحمد بن حسين برهجي. |
| 250 ## - بيان الطبعة | |
| بيان الطبعة | الطبعة الاولى. |
| 264 1# - بيانات النشر، التوزيع…إلخ | |
| مكان النشر، التوزيع...إلخ | عمان : |
| اسم الناشر، الموزع...إلخ | دار عمار للنشر والتوزيع، |
| تاريخ النشر، التوزيع...إلخ | 2017. |
| 300 ## - الوصف المادي | |
| عدد الوحدات المكونة للوعاء | 204 صفحة. |
| 650 17 - مدخل إضافي بالموضوع - مصطلح موضوعي | |
| مصطلح موضوعي أو اسم جغرافي كعنصر مدخل | قراءات القرآن السبع. |
| 650 17 - مدخل إضافي بالموضوع - مصطلح موضوعي | |
| مصطلح موضوعي أو اسم جغرافي كعنصر مدخل | قراءة القرآن. |
| 650 17 - مدخل إضافي بالموضوع - مصطلح موضوعي | |
| مصطلح موضوعي أو اسم جغرافي كعنصر مدخل | العلوم القرآنية. |
| 650 17 - مدخل إضافي بالموضوع - مصطلح موضوعي | |
| مصطلح موضوعي أو اسم جغرافي كعنصر مدخل | القرآن الكريم. |
| 700 1# - مدخل إضافي - اسم شخصي | |
| الاسم الشخصي | برهجي، محمد بن احمد بن حسين |
| علاقة الشخص بالعمل/ دوره | محقق. |
| 942 ## - بيانات إضافية (كوها) | |
| نوع التنصيف | Dewey Decimal Classification |
| نوع المادة (كوها) | كتب |
| حالة السحب | حالة الفقدان | مصدر التصنيف | حالة التلف | غير قابل للإعارة | المكتبة الرئيسية | المكتبة الحالية | موقع الرف | تاريخ التزويد | الرقم المتسلسل | Total Checkouts | رقم الإستدعاء | الباركود | تاريخ آخر ظهور | تاريخ الفاتورة | نوع المادة (كوها) |
|---|---|---|---|---|---|---|---|---|---|---|---|---|---|---|---|
| Dewey Decimal Classification | المكتبة المركزية | المكتبة المركزية | الإعارة | 28/07/2025 | 1657852 | 211.3 / ن ج ا | PLD00404288 | 28/07/2025 | 28/07/2025 | كتب | |||||
| Dewey Decimal Classification | مكتبة أبو علندا العامة | مكتبة أبو علندا العامة | الإعارة | 16/03/2017 | 1657853 | 211.3/نجا | PLD00404387 | 28/07/2025 | 16/03/2017 | كتب | |||||
| Dewey Decimal Classification | مكتبة أم قصير والمقابلين العامة | مكتبة أم قصير والمقابلين العامة | الإعارة | 16/03/2017 | 1657855 | 211.3/نجا | PLD00404389 | 28/07/2025 | 16/03/2017 | كتب | |||||
| Dewey Decimal Classification | مكتبة حمزة العامة | مكتبة حمزة العامة | الإعارة | 16/03/2017 | 1657854 | 211.3/نجا | PLD00404388 | 28/07/2025 | 16/03/2017 | كتب |